Les 20 plus grandes aires urbaines d'Asie-Pacifique - Statistiques

Statistiques générales
  • Ce quiz a été pris 147 fois
  • Le résultat moyen est 15 sur 20
Statistiques - réponses
Pays Population Aire urbaine % Correct
Japon 42 796 714 Tokyo
100%
Inde 26 454 086 Delhi
99%
Corée du Sud 26 000 782 Séoul
99%
Chine 24 870 895 Shanghai
99%
Chine 21 893 095 Pékin
96%
Indonésie 35 143 473 Jakarta
95%
Japon 19 777 590 Osaka - Kyoto - Kobé
95%
Philippines 28 644 207 Manille
93%
Inde 24 337 933 Mumbai
88%
Thaïlande 18 927 786 Bangkok
87%
Bangladesh 18 615 648 Dacca
81%
Vietnam 13 648 914 Hô Chi Minh Ville
76%
Chine 23 426 128 Canton
73%
Inde 16 681 589 Kolkata
73%
Pakistan 16 625 813 Karachi
65%
Inde 14 731 106 Hyderabad
36%
Chine 22 251 500 Chongqing
33%
Chine 13 866 009 Tianjin
31%
Chine 14 677 122 Chengdu
25%
Chine 14 251 500 Shantou
7%
Aucun quiz correspondant
Distribution des résultats
% des personnes avec chaque résultat
Percentile par nombre de réponses
Votre historique - résultats
Vous n’avez pas pris ce quiz